Statistics for European Countries by Highest Mountain

Click here to take the quiz!

General Stats

  • This quiz has been taken 200 times
  • The average score is 28 of 44

Answer Stats

highest pointmftcountry% Correct
Ben Nevis13434406United Kingdom
94%
Mount Olympus29199577Greece
91%
Mont Blanc481015,781France
89%
Mount Elbrus564218,510Russia
89%
Großglockner379812,461Austria
81%
Monte Bianco481015,781Italy
81%
Zugspitze29629718Germany
80%
Galdhøpiggen24698100Norway
76%
Møllehøj171561Denmark
75%
Hvannadalshnúkur21106921Iceland
74%
Gerlachovský štít26558711Slovakia
74%
Monte Rosa463415,203Switzerland
74%
Grauspitz25998527Liechtenstein
69%
Dealul Bălăneşti4301411Moldova
69%
Chemin des Révoires161528Monaco
69%
Coma Pedrosa29429652Andorra
67%
Aukštojas Hill294964Lithuania
66%
Moldoveanu25448346Romania
66%
Monte Titano7552477San Marino
65%
Carrauntoohil10383406Ireland
64%
Vaalserberg3231059Netherlands
64%
Mount Pico23517713Portugal
64%
Dinara18316007Croatia
59%
Halti13244344Finland
59%
Kékes10143327Hungary
59%
Triglav28649396Slovenia
59%
Mulhacén347711,407Spain
58%
Signal de Botrange6942277Belgium
57%
Dzyarzhynskaya Hara3461135Belarus
56%
Suur Munamägi3181043Estonia
56%
Rysy24998199Poland
56%
Sněžka16025256Czech Republic
55%
Kebnekaise21046903Sweden
55%
Gaizinkalns3121024Latvia
54%
Midžor21697116Serbia
53%
Musala29259596Bulgaria
52%
Maglić23867828Bosnia and Herzegovina
51%
Golem Korab27649068Macedonia
51%
Hora Hoverla20616762Ukraine
50%
Gjeravica26568714Kosovo
49%
Kneiff5601837Luxembourg
49%
Maja e Korabit27649068Albania
46%
Ta' Dmejrek253830Malta
44%
Zla Kolata25348314Montenegro
44%

Score Distribution

Percentile by Number Answered

Percent of People with Each Score

Your Score History

You have not taken this quiz